| 000 | 00520nam a2200193 u 4500 | ||
|---|---|---|---|
| 005 | 20250311063807.0 | ||
| 008 | 111111s2000 r 000 0 eng d | ||
| 020 | _a8475844308 | ||
| 035 | _aUPN01000182503 | ||
| 049 | _aCG | ||
| 050 | 4 |
_aGV1467 _bLL6.4 |
|
| 100 | 1 | _aLlobell Muedra, Alberto | |
| 245 | 1 | 3 |
_aEl juego del dominĂ³ / _cAlberto Llobell Muedra. |
| 260 |
_aBarcelona, Esp. : _bLaertes, _c2000. |
||
| 300 |
_a87 p. : _bil. |
||
| 440 | 0 |
_aCamelot ; _v3 |
|
| 650 | 2 |
_aDominĂ³ (juego) _915533 |
|
| 905 | _aLibro | ||
| 999 |
_c154606 _d154606 |
||